000 00617nam a22001937a 4500
005 20180829103759.0
010 _aENG-123882
020 _c275.00
_a9788188965205
035 _aEN-107414
037 _bDBAD/PUB
082 _a305.420954
245 _aAcross the crossfire:
_ced. by Pamela Philipose [and] Aditi Bishnoi
_bwomen and conflict in India /
260 _c2013
_aNew Delhi
_bWomen Unlimited
270 _aK-36, Hauz Khas Enclave,
_bNew Delhi
_e110016
300 _c22cm(pbk.)
_axx,163p.
700 _aPhilipose, Pamela
700 _aBishnoi, Aditi
942 _cEN
_2ddc
_mACR
_h305.420954
999 _c156509
_d156509